000 00386 a2200109 4500
001 ART_49618
005 20260410162001.0
008 260409a
245 1 0 _aAlgunas reflexiones sobre la coordinación de políticas macroeconómicas
100 1 _aJacobo, Alejandro D.
773 0 _tBoletín de lecturas sociales y económicas
_g- Año 8, Nº 36 (ago. 2001)
_wREV28746
999 _c31269
_d31269